Catholic University of Zimbabwe Library
Online Public Access Catalogue
(OPAC)

Polish heritage of Joseph Conrad (Record no. 12159)

MARC details
000 -LEADER
fixed length control field 00370 a2200109 4500
245 ## - TITLE STATEMENT
Title Polish heritage of Joseph Conrad
Medium print
650 ## - SUBJECT ADDED ENTRY--TOPICAL TERM
Topical term or geographic name entry element literature
260 ## - PUBLICATION, DISTRIBUTION, ETC.
Place of publication, distribution, etc. nyu
Name of publisher, distributor, etc. Haskell House
Date of publication, distribution, etc. 1965
084 ## -
-- PR6005.O4 Z78 1965
300 ## - PHYSICAL DESCRIPTION
Extent 248 p. illus., ports. 24 cm.
Other physical details 248 p. illus., ports. 24 cm.
Dimensions 248 p. illus., ports. 24 cm.

No items available.

OPENING HOURS

Weekdays: 0815hrs - 1800hrs
Weekends:0900hrs - 1200hrs

Closed for Mass:

Mon, Thur: 1200hrs - 1300hrs
Sunday & Public Holiday’s

CALL SUPPORT

0242-570570, 0242-570169
09200664, +263 8644140602

LOCATION

18443, Cranborne Avenue, Hatfield, Harare

Other Links


©2021 | CUZ Library